000 00287nam a22001217a 4500
008 181107b xxu||||| |||| 00| 0 eng d
041 _aeng
080 _23rd
_a615
100 _a5
101 _aFAR
245 _aThe Pharmacological Basis of Therapeutics
_cGoodman,L.S
942 _2udc
_cBK
999 _c52133
_d52133